[Event "1/64 Finale"]
[Site "www.chess-mail.com"]
[Date "2020.01.22"]
[Round "1"]
[White "Agmdiazj"]
[Black "Picifarkinca"]
[WhiteElo "1579"]
[BlackElo "1910"]
[Result "1-0"]
[Round "1"]
1.d4 d5
2.c4 dxc4
3.Ng1f3 a6
4.e3 c5
5.Bf1xc4 b5
6.Bc4xf7 Kxf7
7.Nf3e5 Kf6
8.Qd1f3 { resign }
1-0

[Event "Tourn. n10241"]
[Site "www.echecsemail.com"]
[Date "2020.01.23"]
[Round "1"]
[White "Wd40"]
[Black "Gvladutz"]
[WhiteElo "2760"]
[BlackElo "2460"]
[Result "1-0"]
[Round "1"]
1.c4 e5
2.d3 g6
3.Nb1c3 Ng8f6
4.e4 Nb8c6
5.g3 d6
6.Bf1g2 Bf8g7
7.Ng1e2 O-O
8.O-O Bc8d7
9.f4 Nc6d4
10.Ne2xd4 exd4
11.Nc3d5 Nf6xd5
12.cxd5 f5
13.exf5 Bd7xf5
14.g4 Bf5d7
15.Bc1d2 c6
16.dxc6 bxc6
17.b4 d5
18.b5 Ra8b8
19.bxc6 Bd7xc6
20.Ra1c1 Qd8d7
21.f5 Rb8b2
22.Bd2f4 Rf8f7
23.Qd1f3 Rb2xa2
24.Rf1e1 gxf5
25.Bg2h3 Qd7b7
26.gxf5 Ra2a3
27.Kh1 Bc6b5
28.f6 Ra3xd3
29.Qf3h5 Rd3xh3
30.Qh5xh3 Bb5d7
31.Qh3h4 Qb7b3
32.Qh4h5 Rf7xf6
33.Rc1b1 Qb3h3
34.Qh5xd5 Bd7e6
35.Rb1b8 Bg7f8
36.Qd5g5 Rf6g6
37.Rb8xf8 Kxf8
38.Bf4d6 Kg7
39.Qg5e7 Kh6
40.Bd6f4 Kh5
41.Qe7xh7 Kg4
42.Qh7xg6 Kxf4
43.Qg6xe6 Qh3xe6
44.Re1xe6 d3
45.Kg2 a5
46.Kf2 { resign }
1-0

[Event "Tourn. n10286"]
[Site "www.echecsemail.com"]
[Date "2020.01.23"]
[Round "1"]
[White "Aders1"]
[Black "Fantomas"]
[WhiteElo "2300"]
[BlackElo "2190"]
[Result "1/2-1/2"]
[Round "1"]
1.Ng1f3 d5
2.g3 c5
3.Bf1g2 Nb8c6
4.O-O Ng8f6
5.d3 g6
6.Nb1d2 e5
7.c3 Bf8g7
8.e4 d4
9.cxd4 cxd4
10.Nd2c4 Nf6d7
11.Nc4d6 Kf8
12.Qd1b3 Qd8e7
13.Nd6xc8 Ra8xc8
14.Qb3xb7 Nd7b6
15.Qb7xe7 Nc6xe7
16.b3 f6
17.Bc1d2 Kf7
18.Rf1c1 Rh8d8
19.Rc1xc8 Rd8xc8
20.Ra1c1 Rc8xc1
21.Bd2xc1 Ne7c6
22.Bc1d2 Bg7f8
23.Nf3e1 Nb6d7
24.Bg2h3 Nd7b6
25.Ne1c2 Bf8d6
26.a3 a5
27.Kf1 Ke7
28.Ke2 Nb6d7
29.Bh3xd7 Kxd7
30.Kd1 Bd6c7
31.Kc1 Nc6a7
32.Kb2 Bc7d8
33.b4 a4
34.Nc2e1 g5
35.Ne1f3 h6
36.h3 Bd8e7
37.g4 Kc6
38.Nf3g1 Na7b5
39.Ng1f3 Nb5c7
40.Bd2e1 Kb5
41.Nf3d2 Nc7e6
42.Kc2 Ne6f4
43.Nd2c4 Nf4xh3
44.f3 Nh3f4
{ draw }
1/2-1/2

[Event "Tourn. n10205"]
[Site "www.echecsemail.com"]
[Date "2020.01.23"]
[Round "1"]
[White "Virgil08bv"]
[Black "Jerome"]
[WhiteElo "2680"]
[BlackElo "2570"]
[Result "1/2-1/2"]
[Round "1"]
1.e4 c5
2.Ng1f3 e6
3.d4 cxd4
4.Nf3xd4 Ng8f6
5.Nb1c3 d6
6.g4 h6
7.Bf1g2 a6
8.h3 Bf8e7
9.Bc1e3 Nb8c6
10.f4 Nf6d7
11.O-O Nc6xd4
12.Qd1xd4 O-O
13.Qd4d2 Ra8b8
14.Ra1d1 b5
15.Nc3e2 Bc8b7
16.Ne2g3 Qd8c7
17.e5 d5
18.c3 a5
19.Rd1c1 Bb7a6
20.Rf1d1 Rf8c8
21.Kh2 Be7c5
22.Be3xc5 Qc7xc5
23.f5 Rb8b6
24.g5 exf5
25.Ng3xf5 Nd7xe5
26.Kh1 h5
27.b4 Qc5c7
28.bxa5 Rb6e6
29.Rd1e1 g6
30.Nf5d4 Re6e7
31.Rc1d1 Rc8e8
32.Qd2f4 Qc7xc3
33.Re1e3 Qc3c5
34.Nd4b3 Qc5c8
35.Bg2xd5 Qc8c7
36.Nb3d2 Qc7c2
37.Bd5b3 Ba6b7
38.Nd2e4 Qc2c6
39.a6 Qc6xa6
40.Kh2 Bb7xe4
41.Re3xe4 Qa6c6
42.Rd1e1 Ne5d3
43.Bb3xf7 Kh8
44.Bf7xe8 Qc6c2
45.Kg3 Nd3xf4
46.Re4xe7 Nf4d5
47.Re7e4 Qc2c7
48.Re4e5 Qc7c3
49.Kh2 Nd5f4
50.Be8c6 Qc3xh3
51.Kg1 Qh3g3
52.Kf1 Qg3d3
53.Kg1 Nf4h3
54.Kh1 Nh3xg5
55.Re5xg5 Qd3h3
56.Kg1 Qh3c3
57.Re1e8 Kg7
58.Rg5xb5 Qc3xc6
59.Re8e7 Kf6
60.Re7b7 Qc6c1
61.Kg2 Qc1c6
62.Kg1 Qc6c1
63.Kg2 Qc1c4
64.a3 Qc4e2
{ draw }
1/2-1/2

[Event "Match"]
[Site "www.echecsemail.com"]
[Date "2020.01.23"]
[Round "1"]
[White "Ztornad"]
[Black "Aiko1603"]
[WhiteElo "1960"]
[BlackElo "2110"]
[Result "0-1"]
[Round "1"]
1.d4 Ng8f6
2.Nb1c3 e6
3.a3 c5
4.d5 exd5
5.Bc1d2 d4
6.Nc3a2 Nb8c6
7.e3 dxe3
8.Bd2xe3 Bf8e7
9.Bf1c4 d5
10.Bc4d3 O-O
11.Ng1f3 Bc8g4
12.Bd3e2 d4
13.Be3g5 h6
14.Bg5c1 Qd8c7
15.c4 Be7d6
16.g3 Rf8e8
17.O-O Bg4h3
18.Rf1e1 Nf6e4
19.Bc1f4 Bd6xf4
20.gxf4 Qc7xf4
21.Qd1c1 Qf4g4
{ resign }
0-1

[Event "1/128 Finale"]
[Site "www.chess-mail.com"]
[Date "2020.01.23"]
[Round "1"]
[White "Esperanza"]
[Black "Fereike"]
[WhiteElo "2110"]
[BlackElo "1710"]
[Result "1-0"]
[Round "1"]
1.e4 c5
2.Ng1f3 Nb8c6
3.d4 cxd4
4.Nf3xd4 Qd8b6
5.c3 Ng8f6
6.Nd4xc6 Qb6xc6
7.f3 a6
8.Bc1e3 d6
9.Bf1d3 Bc8e6
10.O-O g6
11.Nb1a3 b5
12.Na3c2 Bf8g7
13.Nc2d4 Qc6c8
14.Nd4xe6 Qc8xe6
15.Qd1d2 O-O
16.Be3h6 Ra8c8
17.Bh6xg7 Kxg7
18.a4 d5
19.axb5 dxe4
20.fxe4 Rf8d8
21.Ra1xa6 Qe6d7
22.Rf1f3 Qd7xb5
23.Qd2e2 Qb5c5
24.Kh1 Qc5g5
25.Ra6b6 Qg5c1
26.Rf3f1 Qc1g5
27.Rb6b7 Qg5c5
28.e5 Nf6d5
29.Qe2f3 Rd8f8
30.Bd3e4 Nd5c7
31.Qf3g3 Rc8b8
32.Rb7xb8 Rf8xb8
33.e6 f5
34.Rf1xf5 Qc5a5
35.Rf5xa5 { resign }
1-0

[Event "Fast Game"]
[Site "www.echecsemail.com"]
[Date "2020.01.23"]
[Round "1"]
[White "Stevep84"]
[Black "Apdash"]
[WhiteElo "1880"]
[BlackElo "1950"]
[Result "0-1"]
[Round "1"]
1.e4 c5
2.Ng1f3 Nb8c6
3.d4 Nc6xd4
4.Nf3xd4 cxd4
5.Qd1xd4 d6
6.Nb1c3 Bc8d7
7.Bf1c4 e6
8.Bc1d2 Ra8c8
9.Bc4b3 Ng8f6
10.h3 Bd7c6
11.O-O-O Bf8e7
12.f4 O-O
13.g4 b5
14.g5 Nf6h5
15.Rh1g1 Qd8c7
16.f5 e5
17.Qd4f2 Kh8
18.g6 fxg6
19.Qf2e2 Nh5f4
20.Bd2xf4 exf4
21.fxg6 b4
22.Qe2h5 h6
23.Nc3d5 Bc6xd5
24.Rd1xd5 f3
25.Rd5f5 Rf8f6
26.Rf5xf3 a5
27.Rg1f1 Rf6xf3
28.Qh5xf3 Be7f6
29.Rf1f2 Rc8f8
30.Kb1 Qc7d7
31.Rf2d2 Qd7e8
32.Qf3g4 Qe8e5
33.c4 bxc3
34.bxc3 Qe5xc3
35.Rd2c2 Qc3a1
{ resign }
0-1

[Event "Tourn. n10288"]
[Site "www.echecsemail.com"]
[Date "2020.01.24"]
[Round "1"]
[White "Coolant"]
[Black "Mb20"]
[WhiteElo "2370"]
[BlackElo "2200"]
[Result "1-0"]
[Round "1"]
1.f4 d5
2.Ng1f3 Bc8g4
3.e3 Nb8d7
4.d4 Bg4xf3
5.Qd1xf3 c6
6.Bf1d3 e6
7.O-O Ng8f6
8.g4 h6
9.Nb1d2 e5
10.fxe5 Nf6g8
11.Qf3xf7 { resign }
1-0

[Event "Match"]
[Site "www.echecsemail.com"]
[Date "2020.01.24"]
[Round "1"]
[White "Ditto"]
[Black "Apdash"]
[WhiteElo "2000"]
[BlackElo "2260"]
[Result "0-1"]
[Round "1"]
1.d4 Ng8f6
2.c4 e6
3.Ng1f3 c6
4.Bc1g5 d5
5.c5 Bf8e7
6.e3 Nb8d7
7.Bf1e2 Nf6e4
8.Bg5f4 O-O
9.Be2d3 b6
10.Bd3xe4 dxe4
11.Nf3d2 bxc5
12.Nd2xe4 cxd4
13.Qd1xd4 c5
14.Qd4d1 Qd8a5
15.Ne4c3 Rf8d8
16.O-O Bc8b7
17.Nb1d2 Nd7f6
18.Qd1e2 Bb7a6
19.Nd2c4 Qa5b4
20.a3 Qb4xc4
21.Qe2xc4 Ba6xc4
22.Rf1e1 Nf6d5
23.Nc3e4 f5
24.Ra1b1 fxe4
25.Bf4e5 Bc4d3
26.Rb1c1 c4
27.a4 a5
28.Be5d4 Be7b4
29.Re1d1 Ra8c8
30.h3 c3
31.bxc3 Bb4xc3
32.Bd4xc3 Rc8xc3
33.Rc1a1 Rd8c8
34.Kh2 Rc3c2
35.Kg3 Rc8f8
36.Kg4 Rf8xf2
37.g3 Nd5xe3
{ resign }
0-1

[Event "Tourn. n10175"]
[Site "www.echecsemail.com"]
[Date "2020.01.24"]
[Round "1"]
[White "Cal"]
[Black "Passaroa25"]
[WhiteElo "1700"]
[BlackElo "1760"]
[Result "0-1"]
[Round "1"]
1.d4 Nb8c6
2.e4 d6
3.Bf1b5 a6
4.Bb5xc6 bxc6
5.h3 Ng8f6
6.Nb1c3 Bc8d7
7.Bc1g5 h6
8.Bg5xf6 exf6
9.Ng1f3 g5
10.O-O Bf8g7
11.a3 O-O
12.Qd1e2 Qd8b8
13.b4 Qb8b7
14.Nf3h2 Ra8b8
15.Ra1b1 Bd7e6
16.f4 Qb7b6
17.f5 Be6d7
18.Nc3d1 Qb6xd4
19.Nd1f2 h5
20.Qe2xh5 Qd4e3
21.Nh2g4 Qe3xa3
22.Rf1e1 Rb8xb4
23.Rb1xb4 Qa3xb4
24.Nf2d3 Qb4d4
25.Kh1 Bd7e8
26.Ng4e3 Qd4c3
27.Re1e2 Bg7h8
28.Ne3g4 Bh8g7
29.Nd3f2 Qc3a1
30.Kh2 c5
31.h4 Be8b5
32.hxg5 Bb5xe2
33.Qh5h4 Be2xg4
34.Nf2xg4 fxg5
35.Qh4xg5 Kh8
36.Qg5h4 Kg8
37.Qh4g3 Kh7
38.Qg3h4 Kg8
39.Qh4g5 Qa1d4
40.Ng4h6 Kh8
41.Nh6g4 Qd4xe4
42.f6 Qe4h7
43.Kg3 Qh7g6
44.Qg5h4 Kg8
45.fxg7 Qg6xg7
46.Kf2 f5
47.Ng4e3 a5
48.g3 Rf8f7
49.Qh4a4 Qg7c3
50.Qa4e8 Kg7
51.Kg2 Qc3d2
52.Kf3 Qd2c3
53.Kf4 Qc3d4
54.Kf3 Qd4e4
55.Qe8xe4 fxe4
56.Kxe4 Rf7e7
57.Kf3 Kf7
58.Ne3d5 Re7d7
59.c4 a4
60.g4 a3
61.Nd5c3 Rd7d8
62.Ke4 c6
63.Kd3 Kg6
64.Kc2 Kg5
65.Kb1 Kxg4
66.Ka2 Kf4
67.Kxa3 Rd8a8
68.Kb3 Ke5
69.Nc3e2 d5
70.cxd5 Kxd5
71.Ne2f4 Kd4
72.Nf4e2 Ke5
73.Ne2g3 Ra8g8
74.Ng3e2 Rg8b8
75.Kc3 Rb8h8
76.Kc4 Rh8h2
77.Ne2g3 Rh2c2
78.Kd3 Rc2a2
79.Ng3f1 Ra2a4
80.Kc3 c4
81.Nf1d2 Kd5
82.Nd2f1 Ra4a3
83.Kb4 Ra3b3
84.Ka4 c5
85.Nf1d2 Rb3b4
86.Ka3 c3
87.Nd2b3 Kc4
88.Nb3a5 Kd3
89.Na5c6 Rb4b1
90.Ka2 c2
91.Nc6e5 Kc3
92.Ne5f3 c1Q
93.Nf3d4 Rb1a1
{ resign }
0-1

[Event "Tourn. n10285"]
[Site "www.echecsemail.com"]
[Date "2020.01.24"]
[Round "1"]
[White "Virgil08bv"]
[Black "Aders1"]
[WhiteElo "2740"]
[BlackElo "2330"]
[Result "1-0"]
[Round "1"]
1.e4 g6
2.d4 Bf8g7
3.c4 d6
4.Nb1c3 Ng8f6
5.f3 O-O
6.Ng1e2 b6
7.Bc1e3 c5
8.Qd1d2 Nb8c6
9.d5 Nc6e5
10.Ne2g3 e6
11.Be3g5 exd5
12.cxd5 a6
13.Bf1e2 b5
14.O-O Rf8e8
15.a3 Qd8e7
16.b4 c4
17.h3 Qe7f8
18.a4 Ra8b8
19.axb5 axb5
20.Ra1a5 h6
21.Bg5e3 h5
22.f4 Ne5d7
23.Be2f3 h4
24.Ng3e2 Qf8e7
25.Ne2d4 Nd7b6
26.Nd4c6 { resign }
1-0

[Event "Tourn. n10263"]
[Site "www.echecsemail.com"]
[Date "2020.01.24"]
[Round "1"]
[White "Andychesston"]
[Black "Cal"]
[WhiteElo "1790"]
[BlackElo "1690"]
[Result "1-0"]
[Round "1"]
1.e4 e5
2.Ng1f3 d6
3.d4 exd4
4.Nf3xd4 h6
5.Nb1c3 Ng8f6
6.Bc1e3 a6
7.Bf1c4 Bc8g4
8.f3 Bg4h5
9.Qd1d2 Bf8e7
10.O-O-O O-O
11.Nd4f5 b5
12.Nf5xe7 Qd8xe7
13.Bc4b3 c5
14.Nc3d5 Nf6xd5
15.Bb3xd5 Bh5g6
16.Bd5xa8 Nb8d7
17.Ba8c6 Nd7e5
18.Qd2xd6 Qe7xd6
19.Rd1xd6 Ne5c4
20.Rd6xg6 Nc4xe3
21.Rg6d6 Ne3xg2
22.Rh1g1 Ng2e3
23.Rd6xh6 Ne3c4
24.Bc6d5 Nc4e5
25.f4 Ne5f3
26.Rg1g3 Nf3d4
27.Kd2 a5
28.Rh6g6 Nd4e6
29.Bd5xe6 Rf8d8
30.Be6d5 c4
31.Rg6xg7 { resign }
1-0

[Event "Tourn. n10253"]
[Site "www.echecsemail.com"]
[Date "2020.01.24"]
[Round "1"]
[White "Sorim"]
[Black "Obisporey"]
[WhiteElo "2330"]
[BlackElo "2580"]
[Result "0-1"]
[Round "1"]
1.c4 e5
2.Nb1c3 Ng8f6
3.d4 exd4
4.Qd1xd4 Nb8c6
5.Qd4d1 Bf8b4
6.Bc1d2 O-O
7.Ng1f3 d6
8.e3 Bc8f5
9.a3 Bb4xc3
10.Bd2xc3 Nf6e4
11.Qd1d5 Nc6e7
12.Qd5d4 f6
13.Bf1e2 c5
14.Qd4d1 Ne4xc3
15.bxc3 Qd8d7
16.O-O Ra8d8
17.Ra1a2 Bf5e4
18.Be2d3 Be4c6
19.Ra2d2 Qd7g4
20.h3 Qg4e6
21.Rf1e1 f5
22.Nf3g5 Qe6f6
23.Ng5f3 Ne7g6
24.Bd3c2 Qf6xc3
25.Nf3g5 Qc3f6
26.Ng5f3 Ng6e5
27.Nf3xe5 dxe5
28.Rd2xd8 Rf8xd8
29.Qd1b1 Qf6g6
30.e4 Rd8d2
31.Qb1c1 Qg6d6
32.exf5 Qd6d4
33.Re1e3 Bc6xg2
34.Bc2d3 Rd2xd3
35.Re3xd3 Qd4xd3
{ resign }
0-1

[Event "Match"]
[Site "www.echecsemail.com"]
[Date "2020.01.24"]
[Round "1"]
[White "Sorim"]
[Black "Liencam2"]
[WhiteElo "2300"]
[BlackElo "2210"]
[Result "0-1"]
[Round "1"]
1.d4 Ng8f6
2.Ng1f3 c5
3.d5 b5
4.e3 Bc8b7
5.d6 exd6
6.Bf1xb5 Qd8b6
7.a4 a6
8.Bb5e2 Nb8c6
9.O-O Bf8e7
10.Nb1a3 d5
11.c4 Nc6b4
12.Bc1d2 O-O
13.Nf3e5 d6
14.Ne5f3 Nf6e4
15.Na3c2 Ne4xd2
16.Qd1xd2 a5
17.Nc2xb4 axb4
18.cxd5 b3
19.Be2b5 Bb7a6
20.Qd2d3 Ba6xb5
21.axb5 Ra8b8
22.Qd3xb3 Qb6xb5
23.Qb3xb5 Rb8xb5
24.Ra1a7 Rf8e8
25.Rf1b1 Be7f6
26.b3 h6
27.h3 c4
28.b4 Re8b8
29.Nf3d2 Rb8c8
30.Nd2e4 c3
31.Ne4xd6 c2
32.Rb1c1 Rb5xb4
33.Nd6xc8 Rb4b1
34.Nc8e7 Kh7
35.Kh2 Rb1xc1
36.d6 Rc1d1
37.Ra7c7 c1Q
{ resign }
0-1

[Event "Match"]
[Site "www.echecsemail.com"]
[Date "2020.01.24"]
[Round "1"]
[White "Dussek"]
[Black "Apdash"]
[WhiteElo "1850"]
[BlackElo "2280"]
[Result "0-1"]
[Round "1"]
1.e4 e5
2.Ng1f3 Nb8c6
3.Bf1b5 d6
4.d4 exd4
5.Nf3xd4 Bc8d7
6.Nb1c3 Nc6e5
7.Bb5xd7 Ne5xd7
8.Bc1e3 Ng8f6
9.O-O Bf8e7
10.Qd1d2 O-O
11.Ra1d1 Nd7e5
12.Qd2e2 a6
13.Nd4f5 Rf8e8
14.h3 b5
15.a3 Be7f8
16.f4 Ne5c4
17.Be3c1 g6
18.Nf5d4 c5
19.Nd4f3 Nf6h5
20.b3 Nh5g3
21.Qe2f2 Ng3xf1
22.Qf2xf1 Nc4b6
23.Bc1e3 b4
24.axb4 cxb4
25.Be3xb6 Qd8xb6
26.Kh1 bxc3
27.Qf1c4 Ra8c8
28.Qc4e2 f5
29.Nf3g5 h6
30.Ng5f3 Re8xe4
31.Qe2d3 Re4xf4
32.g3 Rf4e4
33.Qd3d5 Kh8
34.Nf3d4 Rc8e8
35.Kg2 Bf8g7
36.Nd4f3 Re4e2
{ resign }
0-1

[Event "Tourn. n10266"]
[Site "www.echecsemail.com"]
[Date "2020.01.24"]
[Round "1"]
[White "Claudia"]
[Black "Ff333"]
[WhiteElo "2150"]
[BlackElo "2020"]
[Result "1-0"]
[Round "1"]
1.d4 d5
2.c4 Ng8f6
3.cxd5 Qd8xd5
4.Nb1c3 Qd5d8
5.e4 e6
6.Ng1f3 Bf8b4
7.Bf1d3 h6
8.O-O O-O
9.e5 Nf6d5
10.Bc1d2 Nd5xc3
11.bxc3 Bb4e7
12.Qd1e2 a6
13.Qe2e4 g6
14.Bd2xh6 Rf8e8
15.Qe4g4 Kh7
16.Nf3g5 Kg8
17.Ng5xf7 { resign }
1-0

[Event "Match"]
[Site "www.echecsemail.com"]
[Date "2020.01.24"]
[Round "1"]
[White "Sorim"]
[Black "Mb20"]
[WhiteElo "2320"]
[BlackElo "1809"]
[Result "0-1"]
[Round "1"]
1.d4 Ng8f6
2.Ng1f3 g6
3.Nb1c3 d5
4.Bc1g5 Nf6e4
5.Bg5f4 Ne4xc3
6.bxc3 Bf8g7
7.e3 O-O
8.c4 c5
9.c3 Nb8c6
10.Bf1e2 dxc4
11.Be2xc4 Bc8g4
12.h3 Bg4xf3
13.Qd1xf3 Ra8c8
14.Bc4b5 cxd4
15.exd4 Nc6xd4
16.cxd4 Qd8a5
17.Bf4d2 Qa5xb5
{ resign }
0-1

[Event "Tourn. n10285"]
[Site "www.echecsemail.com"]
[Date "2020.01.25"]
[Round "1"]
[White "Aders1"]
[Black "Rons"]
[WhiteElo "2330"]
[BlackElo "2610"]
[Result "0-1"]
[Round "1"]
1.Ng1f3 d5
2.g3 Ng8f6
3.Bf1g2 c5
4.O-O g6
5.d3 Nb8c6
6.Nb1d2 Bf8g7
7.e4 O-O
8.exd5 Nf6xd5
9.Rf1e1 Bc8g4
10.h3 Bg4f5
11.Nd2e4 b6
12.c3 Qd8c7
13.Bc1d2 Rf8d8
14.Qd1c1 Ra8c8
15.Bd2h6 Nd5f6
16.Qc1e3 Rd8d7
17.Bh6xg7 Kxg7
18.Nf3h4 Bf5e6
19.a3 Rc8d8
20.Ra1d1 Nf6xe4
21.Qe3xe4 Rd7d6
22.Rd1d2 Qc7d7
23.Kh2 Be6d5
24.Qe4e3 Rd6e6
{ resign }
0-1

[Event "Match"]
[Site "www.echecsemail.com"]
[Date "2020.01.25"]
[Round "1"]
[White "Apdash"]
[Black "Galiany17"]
[WhiteElo "2260"]
[BlackElo "2560"]
[Result "1-0"]
[Round "1"]
1.e4 e5
2.Ng1f3 Nb8c6
3.d4 exd4
4.Nf3xd4 Bf8c5
5.Nd4xc6 Qd8f6
6.Qd1e2 dxc6
7.Nb1c3 Bc8e6
8.Bc1e3 Bc5b4
9.Be3d2 O-O-O
10.O-O-O Qf6e7
11.Kb1 Kb8
12.f4 Ng8f6
13.e5 Nf6d5
14.Nc3xd5 Be6xd5
15.Bd2xb4 Qe7xb4
16.c4 Qb4xc4
17.Qe2xc4 { resign }
1-0

[Event "Match"]
[Site "www.echecsemail.com"]
[Date "2020.01.25"]
[Round "1"]
[White "Joseph1983"]
[Black "Double2dutch"]
[WhiteElo "2220"]
[BlackElo "2380"]
[Result "1/2-1/2"]
[Round "1"]
1.Ng1f3 c5
2.e3 Ng8f6
3.d4 g6
4.c4 Bf8g7
5.Nb1c3 O-O
6.Bf1e2 cxd4
7.exd4 d5
8.O-O dxc4
9.Be2xc4 Bc8g4
10.Bc4e2 Nb8c6
11.Bc1e3 Nc6b4
12.h3 Bg4f5
13.Ra1c1 Nb4d5
14.Nc3xd5 Nf6xd5
15.Be3g5 f6
16.Bg5h4 Qd8d7
17.Bh4g3 Ra8c8
18.Be2c4 b5
19.Bc4b3 Rc8xc1
20.Qd1xc1 Rf8c8
21.Qc1d2 Bf5e6
22.Rf1e1 Be6f7
23.Qd2e2 e6
24.Nf3d2 Bg7f8
25.Nd2e4 Bf8e7
26.Qe2d2 Kg7
27.Re1c1 Rc8xc1
28.Qd2xc1 a5
29.Ne4c5 Qd7c6
30.Bb3d1 h5
{ draw }
1/2-1/2

[Event "Tourn. n10269"]
[Site "www.echecsemail.com"]
[Date "2020.01.25"]
[Round "1"]
[White "Chessutopia"]
[Black "Krystek23"]
[WhiteElo "2569"]
[BlackElo "2440"]
[Result "1-0"]
[Round "1"]
1.b3 Ng8f6
2.d4 g6
3.e3 Bf8g7
4.Bc1b2 d6
5.Bf1e2 O-O
6.Ng1f3 c6
7.O-O Nb8d7
8.Qd1c1 a5
9.c4 Nf6e4
10.Qc1c2 f5
11.Nb1d2 Ne4xd2
12.Nf3xd2 e5
13.dxe5 dxe5
14.c5 e4
15.Nd2c4 Bg7xb2
16.Nc4xb2 Nd7e5
17.Nb2c4 Qd8f6
18.Ra1d1 Bc8e6
19.Rd1d6 Rf8e8
20.Nc4xe5 Qf6xe5
21.Rf1d1 Kf8
22.h4 a4
23.b4 Re8e7
24.g3 a3
25.Be2c4 Ra8e8
26.Bc4xe6 Re7xe6
27.Qc2b3 Re6xd6
28.cxd6 Re8d8
29.Qb3xa3 b5
30.d7 Ke7
31.Qa3a7 h6
32.Kf1 Qe5c3
33.Rd1d4 Qc3c2
34.Kg2 { resign }
1-0

[Event "Tourn. n10276"]
[Site "www.echecsemail.com"]
[Date "2020.01.25"]
[Round "1"]
[White "Scasan55"]
[Black "Apdash"]
[WhiteElo "2030"]
[BlackElo "2220"]
[Result "1/2-1/2"]
[Round "1"]
1.e4 e5
2.Ng1f3 Nb8c6
3.Bf1c4 Bf8c5
4.Nb1c3 Nc6a5
5.Bc4xf7 Kxf7
6.Nf3xe5 Kf8
7.Qd1h5 Qd8f6
8.Ne5xd7 Bc8xd7
9.Qh5xc5 Qf6d6
10.Qc5xa5 Ng8e7
11.d3 Ne7c6
12.Qa5h5 Nc6d4
13.Qh5d1 Kf7
14.Bc1e3 Rh8f8
15.Be3xd4 Qd6xd4
16.O-O Kg8
17.Qd1d2 Ra8e8
18.Qd2e3 Qd4b4
19.Ra1b1 a6
20.Nc3d5 Qb4d6
21.f4 Qd6xd5
22.a3 Qd5c6
23.c4 Kh8
24.Rf1f3 Bd7g4
25.Rf3g3 Bg4f5
26.Qe3d4 Bf5g6
27.f5 Re8d8
28.Qd4c3 Rf8f6
29.fxg6 Rf6xg6
30.Rg3xg6 Qc6xg6
31.Rb1f1 h6
32.Rf1e1 c5
33.b4 b6
34.bxc5 bxc5
35.Re1e3 Rd8f8
36.e5 Qg6f5
37.Re3f3 Qf5c8
38.Rf3xf8 Qc8xf8
39.h3 Qf8f4
40.Qc3e1 Qf4d4
41.Qe1f2 Qd4xe5
42.Qf2f1 Qe5e3
43.Kh1 Qe3d4
44.Qf1f8 { draw }
1/2-1/2

[Event "Tourn. n10226"]
[Site "www.echecsemail.com"]
[Date "2020.01.26"]
[Round "1"]
[White "Said13"]
[Black "Churrasca"]
[WhiteElo "2229"]
[BlackElo "2150"]
[Result "1-0"]
[Round "1"]
1.c4 e5
2.Ng1f3 e4
3.Nf3d4 Nb8c6
4.Nd4xc6 dxc6
5.Nb1c3 Ng8f6
6.g3 Bf8c5
7.Bf1g2 Bc8f5
8.O-O O-O
9.Nc3a4 Bc5d6
10.d4 exd3
11.exd3 Rf8e8
12.d4 h6
13.Bc1e3 Qd8d7
14.Na4c3 Nf6g4
15.Be3c1 Ra8d8
16.h3 Ng4f6
17.g4 Bf5g6
18.Bc1e3 Qd7e6
19.Qd1b3 b6
20.Rf1e1 h5
21.c5 Bd6f8
22.Qb3xe6 Re8xe6
23.gxh5 Bg6xh5
24.b4 Nf6d5
25.Nc3xd5 cxd5
26.Be3f4 c6
27.Ra1b1 Bh5e2
28.Bg2f1 Be2c4
29.Re1xe6 fxe6
30.a4 Bc4xf1
31.Kxf1 Kf7
32.cxb6 axb6
33.a5 bxa5
34.bxa5 Rd8a8
35.Rb1b7 Kg6
36.Rb7b8 Ra8xa5
37.Rb8xf8 Ra5a7
38.Rf8c8 Ra7a4
39.Bf4e5 Ra4c4
40.Rc8c7 Rc4c3
41.Kg2 Kh6
42.Be5xg7 Kg6
43.Bg7e5 Rc3c2
44.Kg3 Rc2c3
45.Kg4 Rc3c2
46.h4 Rc2xf2
47.h5 Kh6
48.Be5f4 Rf2xf4
49.Kxf4 Kxh5
50.Rc7g7 { resign }
1-0

[Event "Tourn. n10237"]
[Site "www.echecsemail.com"]
[Date "2020.01.26"]
[Round "1"]
[White "Francesco"]
[Black "Iko"]
[WhiteElo "2010"]
[BlackElo "1800"]
[Result "1-0"]
[Round "1"]
1.e4 e5
2.Ng1f3 Ng8f6
3.Nf3xe5 Nf6xe4
4.Qd1f3 Ne4f6
5.Bf1c4 d6
6.Ne5xf7 Qd8e7
7.Kd1 Bc8e6
8.Rh1e1 d5
9.Nf7xh8 Be6g4
10.Re1xe7 Bf8xe7
11.Qf3xg4 Nf6xg4
12.Bc4xd5 c6
13.Bd5f7 Kd7
14.Bf7c4 Ng4xf2
15.Ke2 Nf2g4
16.h3 Ng4h2
17.Nh8f7 Nb8a6
18.Bc4xa6 bxa6
19.d4 Ra8f8
20.Nf7e5 Kd6
21.c4 c5
22.Bc1e3 cxd4
23.Be3xd4 Rf8f4
24.Bd4c3 Be7f6
25.Ne5f7 Ke6
26.Bc3xf6 gxf6
27.Nf7h6 Rf4xc4
28.Nb1c3 Ke5
29.Ra1d1 Rc4b4
30.Rd1d5 Ke6
31.Rd5d2 a5
32.a3 Rb4h4
33.Nh6g8 Kf7
34.Rd2d8 Rh4h5
35.Rd8a8 Rh5e5
36.Kd3 Nh2f1
37.Ng8h6 Kg6
38.Nh6g4 Re5f5
39.Ra8xa7 h5
40.Ng4e3 Nf1g3
41.Ne3xf5 Ng3xf5
42.Ra7xa5 Nf5g3
43.b4 Ng3f5
44.g4 hxg4
45.hxg4 Nf5g3
46.Nc3e4 Ng3h1
47.b5 f5
48.gxf5 Kxf5
49.b6 Kf4
50.b7 Kf3
51.b8Q Nh1f2
52.Ne4xf2 Kxf2
53.Qb8f4 Ke1
54.Ra5e5 Kd1
55.Qf4d2 
1-0

[Event "Match"]
[Site "www.echecsemail.com"]
[Date "2020.01.26"]
[Round "1"]
[White "D4minance"]
[Black "Numanoid"]
[WhiteElo "2870"]
[BlackElo "2750"]
[Result "1-0"]
[Round "1"]
1.d4 d5
2.c4 dxc4
3.e4 e5
4.Ng1f3 exd4
5.Bf1xc4 Nb8c6
6.O-O Bc8e6
7.Bc4xe6 fxe6
8.Qd1b3 Qd8d7
9.Qb3xb7 Ra8b8
10.Qb7a6 Ng8f6
11.Nb1d2 Bf8d6
12.b3 O-O
13.Bc1a3 Rb8b6
14.Qa6a4 e5
15.Ra1c1 Nc6b4
16.Qa4xd7 Nf6xd7
17.Nd2c4 Rb6b5
18.Nc4xd6 cxd6
19.Rc1c7 Nd7f6
20.Nf3g5 h6
21.Ng5e6 Rf8f7
22.Rc7c8 Kh7
23.f3 a5
24.Rc8d8 Rf7a7
25.Rf1c1 Nb4xa2
26.Rc1c8 a4
27.h4 { time. }
1-0

[Event "Match"]
[Site "www.echecsemail.com"]
[Date "2020.01.26"]
[Round "1"]
[White "Chapi"]
[Black "Roma753"]
[WhiteElo "2100"]
[BlackElo "2120"]
[Result "0-1"]
[Round "1"]
1.d4 f5
2.e3 Ng8f6
3.Bf1d3 e6
4.c4 b6
5.Nb1c3 Bc8b7
6.f3 Bf8b4
7.Ng1e2 O-O
8.a3 Bb4d6
9.e4 fxe4
10.fxe4 Nf6g4
11.g3 Ng4f2
12.Qd1c2 Nf2xh1
13.e5 Bd6e7
14.Bd3xh7 Kh8
15.Qc2g6 Qd8e8
16.Ne2f4 Nb8c6
17.Qg6e4 Nc6a5
18.Qe4d3 Na5b3
19.Nf4g6 Kxh7
20.Ng6xf8 Kg8
21.Qd3h7 Kxf8
22.Qh7h8 Kf7
23.Qh8h5 Kg8
24.Qh5g4 Nb3xa1
25.Bc1h6 Qe8f7
{ resign }
0-1

[Event "Match"]
[Site "www.echecsemail.com"]
[Date "2020.01.26"]
[Round "1"]
[White "Apdash"]
[Black "Emmanuel69"]
[WhiteElo "2270"]
[BlackElo "1970"]
[Result "1-0"]
[Round "1"]
1.d4 d5
2.Ng1f3 Ng8f6
3.c4 c6
4.Bc1g5 e6
5.e3 Bf8e7
6.Nb1c3 Nb8d7
7.Bf1e2 O-O
8.O-O h6
9.Bg5xf6 Nd7xf6
10.Nf3e5 Rf8e8
11.cxd5 exd5
12.Be2h5 Nf6xh5
13.Qd1xh5 Re8f8
14.Ra1d1 Be7f6
15.f4 Bf6xe5
16.dxe5 Rf8e8
17.Rd1d4 Qd8e7
18.Kh1 Qe7f8
19.e4 g6
20.Qh5h4 dxe4
21.Nc3xe4 Re8e7
22.Rf1d1 Re7e8
23.Ne4f6 Kg7
24.Nf6xe8 Qf8xe8
25.Qh4f6 Kh7
26.Rd4d8 { resign }
1-0

[Event "1/128 Finale"]
[Site "www.chess-mail.com"]
[Date "2020.01.26"]
[Round "1"]
[White "Cal"]
[Black "Hennie4820"]
[WhiteElo "1690"]
[BlackElo "2090"]
[Result "0-1"]
[Round "1"]
1.c4 Ng8f6
2.d4 g6
3.Nb1c3 Bf8g7
4.h3 O-O
5.Bc1g5 d6
6.e3 Nb8d7
7.Ng1f3 h6
8.Bg5h4 g5
9.Bf1d3 c6
10.O-O gxh4
11.Nf3xh4 Kh8
12.a3 e6
13.e4 Nf6xe4
14.g3 Ne4xc3
15.bxc3 c5
16.Qd1g4 Nd7f6
17.Qg4f4 cxd4
18.cxd4 b6
19.Rf1e1 Bc8b7
20.f3 Ra8c8
21.Kf2 Qd8d7
22.g4 d5
23.c5 bxc5
24.a4 cxd4
25.Ra1b1 Bb7c6
26.a5 Nf6h7
27.a6 Nh7g5
28.Re1c1 Ng5xh3
29.Kg3 Nh3xf4
30.Bd3f1 Bg7e5
31.Kf2 Be5f6
32.Nh4g2 Nf4xg2
33.Bf1xg2 Bc6b5
34.Rc1h1 Kg7
35.f4 Rc8c2
36.Kg3 Qd7c6
37.Bg2f3 Bb5d3
38.Rh1h5 Qc6c3
39.Rb1b7 Bd3e4
40.Rb7xf7 Rf8xf7
41.g5 Qc3xf3
{ resign }
0-1

[Event "1/128 Finale"]
[Site "www.chess-mail.com"]
[Date "2020.01.26"]
[Round "1"]
[White "Ffdd65"]
[Black "Vega"]
[WhiteElo "2300"]
[BlackElo "2540"]
[Result "0-1"]
[Round "1"]
1.e4 e5
2.Ng1f3 Nb8c6
3.d4 exd4
4.Nf3xd4 Ng8f6
5.Nd4xc6 bxc6
6.Bf1d3 d5
7.exd5 cxd5
8.O-O Bf8e7
9.h3 O-O
10.Nb1c3 c5
11.b3 Bc8e6
12.Bc1b2 c4
13.bxc4 dxc4
14.Bd3e2 Qd8a5
15.Be2f3 Ra8b8
16.Qd1c1 Rb8xb2
17.Qc1xb2 Be7a3
18.Qb2b7 Qa5xc3
19.Qb7xa7 Be6f5
20.Ra1e1 Bf5xc2
21.Re1e3 Bc2d3
22.Rf1e1 Ba3d6
23.g4 Bd6f4
24.Re3e7 Bd3e4
25.Re1xe4 Qc3xf3
26.Re4e6 Qf3xh3
27.Qa7a4 Nf6xg4
28.Qa4c2 Bf4h2
{ resign }
0-1